书目信息 |
| 题名: |
简明钣金展开系数计算手册
|
|
| 作者: | 梁绍华 编著 | |
| 分册: | ||
| 出版信息: | 北京 冶金工业出版社 2000.08 |
|
| 页数: | 403页 | |
| 开本: | 32开 | |
| 丛书名: | ||
| 单 册: | ||
| 中图分类: | TG38-62 | |
| 科图分类: | ||
| 主题词: | 冷冲击 , 钣金工 | |
| 电子资源: | ||
| ISBN: | 7-5024-2587-X | |
| 000 | 00608nam0 2200205 45 | |
| 001 | 0010251933 | |
| 005 | 20001025195005.4 | |
| 010 | @a7-5024-2587-X@d25.00元 | |
| 100 | @a20001025d2000 km y0chiy0120 ea | |
| 101 | 0 | @achi |
| 105 | @a z 000yy | |
| 200 | 1 | @a简明钣金展开系数计算手册@AJian Ming Ban Jin Zhan Kai Xi Shu Ji Suan Shou Ce@f梁绍华编著@FLiang Shao Hua Bian Zhu |
| 210 | @a北京@c冶金工业出版社@d2000.08 | |
| 215 | @a403页@d32开 | |
| 606 | 0 | @a冷冲击 |
| 606 | 0 | @a钣金工 |
| 690 | @aTG38-62@v3 | |
| 701 | 0 | @a梁绍华@4编著 |
| 801 | @aCN@bPftUser@c20001025 | |
| 905 | @b189996-000@dTG38-62@eL331@f5 | |
| 简明钣金展开系数计算手册/梁绍华编著.-北京:冶金工业出版社,2000.08 |
| 403页;32开 |
| ISBN 7-5024-2587-X:25.00元 |
| ● |
| 相关链接 |
|
|
|
正题名:简明钣金展开系数计算手册
索取号:TG38-62/L331
 
预约/预借
| 序号 | 登录号 | 条形码 | 馆藏地/架位号 | 状态 | 备注 |
| 1 | 189996 | 201899963 | 自科库501/501自科库 26排2列2层/ [索取号:TG38-62/L331] | 在馆 | |
| 2 | 189997 | 201899972 | 自科库501/501自科库 26排2列2层/ [索取号:TG38-62/L331] | 在馆 | |
| 3 | 189998 | 201899981 | 自科库501/501自科库 26排2列2层/ [索取号:TG38-62/L331] | 在馆 | |
| 4 | 189999 | 201899990 | 自科库501/501自科库 26排2列2层/ [索取号:TG38-62/L331] | 在馆 | |
| 5 | 190000 | 201900005 | 自科库501/501自科库 26排2列2层/ [索取号:TG38-62/L331] | 在馆 |